[Event "FRA-ch Blitz Online Qual"]
[Site "Europe Echecs INT"]
[Date "2020.05.16"]
[Round "5"]
[White "Dore, Armand"]
[Black "Janzelj, Lara"]
[Result "0-1"]
[WhiteElo "1855"]
[BlackElo "2210"]
[PlyCount "58"]
[EventDate "2020.05.16"]
[EventType "swiss (blitz)"]
[EventRounds "15"]
[EventCountry "FRA"]
[SourceTitle "CBM 196 Extra"]
[Source "ChessBase"]
[SourceDate "2020.07.31"]
[SourceVersion "1"]
[SourceVersionDate "2020.07.31"]
[SourceQuality "1"]

1. Nf3 d5 2. c4 c6 3. e3 Nf6 4. d4 Bg4 5. cxd5 cxd5 6. Nc3 Nc6 7. Be2 a6 8. 0-0 e6 9. Bd2 Bd6 10. a3 0-0 11. b4 Rc8 12. b5 axb5 13. Nxb5 Bb8 14. h3 Bh5 15. a4 Ne4 16. Rc1 Qf6 17. Ne1 Bxe2 18. Qxe2 e5 19. dxe5 Nxe5 20. f4 Nc4 21. Bc3 Nxc3 22. Nxc3 Rfd8 23. Nf3 Ba7 24. Nd1 Qxf4 25. Nd4 Qe5 26. Rf5 Qe7 27. Qf3 Nxe3 28. Rxc8 Rxc8 29. Nxe3 Bxd4 0-1

[Event "FRA-ch Blitz Online Qual"]
[Site "Europe Echecs INT"]
[Date "2020.05.16"]
[Round "9"]
[White "Gandreuil, Brice"]
[Black "Dore, Armand"]
[Result "0-1"]
[WhiteElo "1500"]
[BlackElo "1855"]
[PlyCount "76"]
[EventDate "2020.05.16"]
[EventType "swiss (blitz)"]
[EventRounds "15"]
[EventCountry "FRA"]
[SourceTitle "CBM 196 Extra"]
[Source "ChessBase"]
[SourceDate "2020.07.31"]
[SourceVersion "1"]
[SourceVersionDate "2020.07.31"]
[SourceQuality "1"]

1. e4 c5 2. Nc3 Nc6 3. g3 g6 4. Bg2 Bg7 5. d3 d6 6. f4 e6 7. Nf3 Nge7 8. 0-0 0-0 9. g4 f5 10. exf5 exf5 11. g5 Be6 12. h4 Nd4 13. h5 gxh5 14. Nh4 Bf7 15. Bxb7 Rb8 16. Bg2 Ng6 17. Nxg6 hxg6 18. Bd5 Qe7 19. Re1 Qc7 20. Bxf7+ Qxf7 21. Rb1 Rfe8 22. Rxe8+ Rxe8 23. Bd2 Qe7 24. Nd5 Qf7 25. Ne3 Ne6 26. Nc4 Rd8 27. Ba5 Rd7 28. Qf3 Nd4 29. Qa8+ Kh7 30. c3 Ne2+ 31. Kf2 Nxf4 32. Qb8 Nxd3+ 33. Kg2 Qxc4 34. Rd1 Qg4+ 35. Kf1 Qxd1+ 36. Kg2 Qe2+ 37. Kg3 Be5+ 38. Kh4 Qh2# 0-1

[Event "FRA-ch Blitz Online Qual"]
[Site "Europe Echecs INT"]
[Date "2020.05.16"]
[Round "15"]
[White "Robert, Mathias"]
[Black "Dore, Armand"]
[Result "1-0"]
[WhiteElo "2140"]
[BlackElo "1855"]
[PlyCount "69"]
[EventDate "2020.05.16"]
[EventType "swiss (blitz)"]
[EventRounds "15"]
[EventCountry "FRA"]
[SourceTitle "CBM 196 Extra"]
[Source "ChessBase"]
[SourceDate "2020.07.31"]
[SourceVersion "1"]
[SourceVersionDate "2020.07.31"]
[SourceQuality "1"]

1. e4 c5 2. Nf3 d6 3. d4 cxd4 4. Nxd4 Nf6 5. Nc3 g6 6. g3 Bg7 7. Bg2 0-0 8. 0-0 Nc6 9. Nxc6 bxc6 10. f4 Qb6+ 11. Kh1 Ng4 12. Qe2 Ba6 13. Qxg4 Bxf1 14. Bxf1 Qf2 15. Qe2 Qb6 16. Nd1 a5 17. Be3 Qb7 18. c3 c5 19. Bg2 Rab8 20. Rc1 a4 21. a3 Qb3 22. Rc2 Rb6 23. h4 h5 24. Nf2 Rfb8 25. Nd3 Qe6 26. Kh2 Rb3 27. Qf3 Qc4 28. Bf1 Qe6 29. f5 Qd7 30. Bh3 Qb5 31. Bg5 Rb7 32. fxg6 fxg6 33. Be6+ Kh7 34. Qf7 Qxd3 35. Qg8# 1-0

[Event "FRA-ch Blitz Online Qual"]
[Site "Europe Echecs INT"]
[Date "2020.05.16"]
[Round "2"]
[White "Sepahpour, Shervine"]
[Black "Dore, Armand"]
[Result "0-1"]
[WhiteElo "1398"]
[BlackElo "1855"]
[PlyCount "114"]
[EventDate "2020.05.16"]
[EventType "swiss (blitz)"]
[EventRounds "15"]
[EventCountry "FRA"]
[SourceTitle "CBM 196 Extra"]
[Source "ChessBase"]
[SourceDate "2020.07.31"]
[SourceVersion "1"]
[SourceVersionDate "2020.07.31"]
[SourceQuality "1"]

1. d4 d5 2. c4 e6 3. Nf3 Nf6 4. Nc3 c6 5. e3 Bd6 6. Bd3 dxc4 7. Bxc4 b5 8. Bd3 0-0 9. e4 Be7 10. 0-0 h6 11. e5 Nd5 12. Ne4 Bb7 13. Bd2 a6 14. Rc1 Qb6 15. Nc5 a5 16. a3 Na6 17. Nxb7 Qxb7 18. Bxa5 b4 19. Bxb4 Naxb4 20. axb4 Nxb4 21. Be4 Nd5 22. Bxd5 cxd5 23. b3 Ra3 24. Rb1 Rb8 25. Nd2 Qb4 26. Qg4 Qxd2 27. Rfd1 Qg5 28. Qf3 Qg6 29. Rd3 Qe4 30. Qxe4 dxe4 31. Rc3 Bg5 32. g3 Bd2 33. Rc2 e3 34. fxe3 Bxe3+ 35. Kg2 Bxd4 36. b4 Bxe5 37. b5 Bc7 38. Rxc7 Rb6 39. Rc6 Rxc6 40. bxc6 Rc3 41. Rb6 Kh7 42. Kf2 Kg6 43. Ke2 Kf6 44. Kd2 Rc5 45. Kd3 Ke5 46. h3 f5 47. Ke3 g5 48. g4 f4+ 49. Kf3 Rc3+ 50. Ke2 Ke4 51. Rb4+ Kd5 52. Rb6 Rxc6 53. Rb7 e5 54. Re7 Ke4 55. Rh7 f3+ 56. Kf2 Rc2+ 57. Kg3 Rg2# 0-1